书目信息 |
| 题名: |
彰往知来
|
|
| 作者: | 白至德 著 | |
| 分册: | ||
| 出版信息: | 北京 中国工人出版社 2008.01 |
|
| 页数: | 325页 | |
| 开本: | 23cm | |
| 丛书名: | 追忆大师系列 | |
| 单 册: | ||
| 中图分类: | K825.8 | |
| 科图分类: | ||
| 主题词: | 史学家--shi xue jia--传记--中国--现代 | |
| 电子资源: | ||
| ISBN: | 978-7-5008-4038-1 | |
| 000 | 00947nam 2200265 450 | |
| 001 | CAL 012008030322 | |
| 005 | 20111223181304.48 | |
| 010 | @a978-7-5008-4038-1@dCNY32.00 | |
| 100 | @a20111025d2008 ekmy0chiy0121 ea | |
| 101 | 0 | @achi |
| 102 | @aCN@b110000 | |
| 105 | @aach z 000yb | |
| 200 | 1 | @a彰往知来@Azhang wang zhi lai@e父亲白寿彝的九十一年@f白至德著 |
| 210 | @a北京@c中国工人出版社@d2008.01 | |
| 215 | @a325页@c图, 肖像, 摹真@d23cm | |
| 225 | 2 | @a追忆大师系列@Azhui yi da shi xi lie |
| 330 | @a本书主要介绍了传统;磨砺;选择;政途;安定;无愧;通变;新路;丰碑;彰往知来等内容。 | |
| 410 | 0 | @12001 @a追忆大师系列 |
| 517 | 1 | @a父亲白寿彝的九十一年@Afu qin bai shou yi de jiu shi yi nian |
| 600 | 0 | @a白寿彝,@ABai Shou Yi@f1909-2000@x传记 |
| 606 | 0 | @a史学家@Ashi xue jia@x传记@y中国@z现代 |
| 690 | @aK825.8@v5 | |
| 701 | 0 | @a白至德@Abai zhi de@4著 |
| 801 | 0 | @aCN@c20111223 |
| 905 | @a郑州市财税学校图书馆@dK825.8@eB150@f3 | |
| 彰往知来:父亲白寿彝的九十一年/白至德著.-北京:中国工人出版社,2008.01 |
| 325页:图, 肖像, 摹真;23cm.-(追忆大师系列) |
| ISBN 978-7-5008-4038-1:CNY32.00 |
| 本书主要介绍了传统;磨砺;选择;政途;安定;无愧;通变;新路;丰碑;彰往知来等内容。 |
| ● |
| 相关链接 |
|
|
|
正题名:彰往知来
索取号:K825.8/B150
 
预约/预借
| 序号 | 登录号 | 条形码 | 馆藏地/架位号 | 状态 | 备注 |
| 1 | 1065055 | 210650552 | 社科库309/309社科库 55排1列5层/ [索取号:K825.8/B150] | 在馆 | |
| 2 | 1065056 | 210650561 | 社科库309/309社科库 55排1列5层/ [索取号:K825.8/B150] | 在馆 | |
| 3 | 1065057 | 210650570 | 社科库309/309社科库 55排1列5层/ [索取号:K825.8/B150] | 在馆 |